000
00320nam a22001457a 4500
003
OSt
005
20160727222358.0
008
160622b xxu||||| |||| 00| 0 eng d
040
_c
TEST
100
_9
591
_a
Durr, W.K
245
_a
Honey Comb
260
_a
BOSTAN
_b
Houghton
_c
1976
300
_a
Honey Comb
942
_2
ddc
_c
BK
999
_c
487
_d
487